000 00658nam a2200193Ii 4500
003 JO-AjNU
008 230605s9999||||xx |||||||||||||| ||und||
040 _aJO-AjNU
_bara
_erda
_cJO-AjNU
041 _aara
050 1 4 _aPR6005.H66.P8 1900
100 3 _aكرستي، أجاثا ؛ تعريب عمر عبد العزيز أمين,
_eauthor
_916779
245 0 0 _aاللغز المثير
264 3 1 _aبيروت: المكتبة الثقافية، 1900
300 _a158ص
336 _atext
_btxt
_2rdacontent
337 _aunmediated
_bn
_2rdamedia
338 _avolume
_bnc
_2rdacarrier
650 4 _aالأدب الإنجليزي - قصص مترجمة
_916780
999 _aA5048
_c8616
_d8616